[Event "Rilton Cup 48th"]
[Site "Stockholm"]
[Date "2019.01.05"]
[Round "9"]
[White "Emmoth, Alfons"]
[Black "Janzelj, Lara"]
[Result "0-1"]
[WhiteElo "2145"]
[BlackElo "2239"]
[PlyCount "104"]
[EventDate "2018.12.27"]
[EventType "swiss"]
[EventRounds "9"]
[EventCountry "SWE"]
[SourceTitle "CBM 188 Extra"]
[Source "ChessBase"]
[SourceDate "2019.02.26"]
[SourceVersion "1"]
[SourceVersionDate "2019.02.26"]
[SourceQuality "1"]

1. d4 d5 2. c4 dxc4 3. Nf3 Nf6 4. e3 b5 5. a4 b4 6. Bxc4 e6 7. 0-0 Be7 8. Nbd2 Bb7 9. Nb3 a5 10. Ne5 0-0 11. Re1 Nbd7 12. Nxd7 Qxd7 13. f3 Rfd8 14. Qc2 h6 15. Bb5 c6 16. Bf1 Qc7 17. e4 e5 18. dxe5 Qxe5 19. Be3 c5 20. Rec1 Nd7 21. Qf2 Rdc8 22. Rc2 Bd6 23. g3 f5 24. Bf4 Qe7 25. Bc4+ Kh8 26. Bxd6 Qxd6 27. Rd2 Qe7 28. exf5 Ne5 29. Bd5 c4 30. Bxb7 Qxb7 31. Nd4 Nd3 32. Qe3 Qb6 33. Nc2 Qc6 34. Rf1 Re8 35. Qd4 Rad8 36. Qh4 c3 37. bxc3 bxc3 38. Rg2 Ne5 39. Rgf2 Rd2 40. f6 Qxf6 41. Qxf6 gxf6 42. Na3 Rc8 43. h3 Rb2 44. Rc2 Rb3 45. Nb5 Nd3 46. Kg2 Nb4 47. Rcc1 c2 48. Nd4 Rd3 49. Ne2 Na2 50. Ra1 Rd2 51. Kf2 Re8 52. Rfe1 Nc3 0-1

[Event "Rilton Cup 48th"]
[Site "Stockholm"]
[Date "2018.12.30"]
[Round "4"]
[White "Emmoth, Alfons"]
[Black "Sapale, Saloni"]
[Result "1/2-1/2"]
[WhiteElo "2145"]
[BlackElo "2187"]
[PlyCount "63"]
[EventDate "2018.12.27"]
[EventType "swiss"]
[EventRounds "9"]
[EventCountry "SWE"]
[SourceTitle "CBM 188 Extra"]
[Source "ChessBase"]
[SourceDate "2019.02.26"]
[SourceVersion "1"]
[SourceVersionDate "2019.02.26"]
[SourceQuality "1"]

1. d4 Nf6 2. c4 g6 3. Nc3 d5 4. cxd5 Nxd5 5. e4 Nxc3 6. bxc3 Bg7 7. Bc4 c5 8. Ne2 Nc6 9. Be3 0-0 10. 0-0 Bg4 11. f3 Bd7 12. Rb1 Qc7 13. Bd3 Rad8 14. Qd2 Bc8 15. d5 Ne5 16. c4 f5 17. Rbc1 Nxd3 18. Qxd3 b6 19. Rce1 f4 20. Bd2 g5 21. g4 h5 22. h3 e5 23. Kf2 Kf7 24. Nc3 Rh8 25. Rh1 Rh6 26. Kg2 Rdh8 27. Reg1 Bd7 28. Qb1 Qc8 29. Qd1 R8h7 30. Be1 Qh8 31. Bf2 Bf8 32. a4 1/2-1/2

[Event "SWE-ch U20"]
[Site "Ronneby"]
[Date "2018.07.01"]
[Round "2"]
[White "Emmoth, Alfons"]
[Black "Sorensen, Hampus"]
[Result "1/2-1/2"]
[WhiteElo "2176"]
[BlackElo "2154"]
[PlyCount "36"]
[EventDate "2018.06.30"]
[EventType "tourn"]
[EventRounds "9"]
[EventCountry "SWE"]
[SourceTitle "CBM 185 Extra"]
[Source "ChessBase"]
[SourceDate "2018.07.29"]
[SourceVersion "1"]
[SourceVersionDate "2018.07.29"]
[SourceQuality "1"]

1. d4 d5 2. c4 c6 3. e3 Nf6 4. Nc3 e6 5. Nf3 a6 6. Qc2 c5 7. cxd5 exd5 8. Be2 Nc6 9. a3 cxd4 10. Nxd4 Nxd4 11. exd4 Be7 12. 0-0 0-0 13. Bf3 Be6 14. Qb3 Qd7 15. Bf4 b5 16. Rac1 Rac8 17. Rfd1 Rc6 18. Ne2 Rfc8 1/2-1/2

[Event "SWE-ch U20"]
[Site "Ronneby"]
[Date "2018.06.30"]
[Round "1"]
[White "Storme, Isak"]
[Black "Emmoth, Alfons"]
[Result "1-0"]
[WhiteElo "2277"]
[BlackElo "2176"]
[PlyCount "73"]
[EventDate "2018.06.30"]
[EventType "tourn"]
[EventRounds "9"]
[EventCountry "SWE"]
[SourceTitle "CBM 185 Extra"]
[Source "ChessBase"]
[SourceDate "2018.07.29"]
[SourceVersion "1"]
[SourceVersionDate "2018.07.29"]
[SourceQuality "1"]

1. e4 e6 2. d4 d5 3. Nd2 Nf6 4. e5 Nfd7 5. Bd3 c5 6. c3 Nc6 7. Ne2 cxd4 8. cxd4 f6 9. exf6 Nxf6 10. Nf3 Bd6 11. 0-0 Qc7 12. h3 0-0 13. Be3 Bd7 14. Re1 Rac8 15. Rc1 a6 16. Qd2 Qb8 17. a3 b5 18. Kh1 Rce8 19. Ng3 Rc8 20. Bg5 Bxg3 21. fxg3 Nh5 22. g4 Nf4 23. Bb1 Nxh3 24. Bxh7+ Kxh7 25. Qd3+ Kg8 26. gxh3 Qg3 27. Ne5 Qxd3 28. Nxd3 Nxd4 29. Ne5 Rxc1 30. Rxc1 Be8 31. Be7 Rf2 32. Rc8 Re2 33. Rxe8+ Kh7 34. Bd6 Rxb2 35. g5 a5 36. g6+ Kh6 37. h4 1-0

[Event "Vasteras op"]
[Site "Vasteras"]
[Date "2017.10.01"]
[Round "8"]
[White "Tikkanen, Hans"]
[Black "Emmoth, Alfons"]
[Result "1-0"]
[WhiteElo "2516"]
[BlackElo "2103"]
[PlyCount "89"]
[EventDate "2017.09.29"]
[EventType "swiss"]
[EventRounds "8"]
[EventCountry "SWE"]
[SourceTitle "EXT 2018"]
[Source "ChessBase"]
[SourceDate "2017.10.13"]
[SourceVersion "1"]
[SourceVersionDate "2017.10.13"]
[SourceQuality "1"]

1. d4 Nf6 2. Nf3 g6 3. e3 Bg7 4. c4 0-0 5. Be2 c5 6. d5 d6 7. Nc3 e6 8. 0-0 exd5 9. cxd5 Nbd7 10. Rb1 Re8 11. Nd2 a6 12. a4 Qc7 13. Qc2 Ne5 14. h3 c4 15. f4 Nd3 16. Nxc4 Nb4 17. Qd2 Bf5 18. Ra1 Qc5 19. b3 Nfxd5 20. Nxd5 Nxd5 21. Ba3 Qc6 22. Bf3 Be4 23. Rac1 Bxf3 24. Rxf3 Nf6 25. Nxd6 Qd7 26. e4 Red8 27. e5 Ne8 28. Qd5 Nxd6 29. exd6 b5 30. f5 gxf5 31. Rxf5 Qe6 32. Qxe6 fxe6 33. Rg5 Kh8 34. Rc7 Bd4+ 35. Kf1 bxa4 36. bxa4 Rac8 37. Ke2 Rb8 38. Rg4 Be5 39. Rc6 Rb3 40. Bc5 Rc3 41. Re4 Bg7 42. d7 Rb3 43. Rc8 Rb8 44. Rxb8 Rxb8 45. Be7 1-0

[Event "Vaxjo Nordic zt"]
[Site "Vaxjo"]
[Date "2017.06.30"]
[Round "7"]
[White "Emmoth, Alfons"]
[Black "Nilsson, Mattias1111"]
[Result "1-0"]
[WhiteElo "2053"]
[BlackElo "1947"]
[PlyCount "73"]
[EventDate "2017.06.26"]
[EventType "swiss"]
[EventRounds "9"]
[EventCountry "SWE"]
[SourceTitle "CBM 179 Extra"]
[Source "ChessBase"]
[SourceDate "2017.08.23"]
[SourceVersion "1"]
[SourceVersionDate "2017.08.23"]
[SourceQuality "1"]

1. d4 c5 2. d5 Nf6 3. Nc3 d6 4. e4 g6 5. Be2 Bg7 6. Nf3 0-0 7. 0-0 Bg4 8. Bf4 a6 9. a4 Qa5 10. Nd2 Bxe2 11. Qxe2 Nh5 12. Bg5 Re8 13. Nc4 Qc7 14. Qd2 Nd7 15. Bh6 Ne5 16. Na3 Qc8 17. Bxg7 Kxg7 18. f4 Nd7 19. Nc4 Qc7 20. Rae1 Nb6 21. Nxb6 Qxb6 22. e5 Kg8 23. g4 Ng7 24. f5 dxe5 25. Rxe5 f6 26. Re4 g5 27. Qe3 Kf7 28. Re1 Qd6 29. Qh3 h5 30. gxh5 Qd7 31. Re6 Qc7 32. h6 Rh8 33. Rxe7+ Qxe7 34. Rxe7+ Kxe7 35. Qe3+ Kf7 36. hxg7 Kxg7 37. Qe7+ 1-0

[Event "Vaxjo Nordic zt"]
[Site "Vaxjo"]
[Date "2017.06.29"]
[Round "5"]
[White "Emmoth, Alfons"]
[Black "Lind, Jan Olov"]
[Result "0-1"]
[WhiteElo "2053"]
[BlackElo "2222"]
[PlyCount "68"]
[EventDate "2017.06.26"]
[EventType "swiss"]
[EventRounds "9"]
[EventCountry "SWE"]
[SourceTitle "CBM 179 Extra"]
[Source "ChessBase"]
[SourceDate "2017.08.23"]
[SourceVersion "1"]
[SourceVersionDate "2017.08.23"]
[SourceQuality "1"]

1. d4 Nf6 2. c4 g6 3. Nc3 Bg7 4. e4 d6 5. Nf3 0-0 6. Be2 e5 7. 0-0 exd4 8. Nxd4 Re8 9. f3 c6 10. Nc2 Na6 11. Bf4 Nh5 12. Be3 f5 13. Qd2 f4 14. Bf2 Be5 15. Ne1 Ng3 16. Nd3 Nxf1 17. Bxf1 g5 18. Rd1 Qf6 19. Nxe5 dxe5 20. c5 Be6 21. Bxa6 bxa6 22. b3 Rad8 23. Qe2 Rxd1+ 24. Nxd1 Rd8 25. Nb2 Rd7 26. Be1 g4 27. fxg4 Rg7 28. h3 h5 29. Nc4 hxg4 30. hxg4 Bxg4 31. Qd2 Bh3 32. g3 fxg3 33. Qe2 Bg4 34. Qd2 Bf3 0-1

[Event "Vaxjo Nordic zt"]
[Site "Vaxjo"]
[Date "2017.06.28"]
[Round "4"]
[White "Lindberg, Henrik"]
[Black "Emmoth, Alfons"]
[Result "1-0"]
[WhiteElo "2214"]
[BlackElo "2053"]
[PlyCount "39"]
[EventDate "2017.06.26"]
[EventType "swiss"]
[EventRounds "9"]
[EventCountry "SWE"]
[SourceTitle "CBM 179 Extra"]
[Source "ChessBase"]
[SourceDate "2017.08.23"]
[SourceVersion "1"]
[SourceVersionDate "2017.08.23"]
[SourceQuality "1"]

1. e4 e6 2. d4 d5 3. Nc3 Nf6 4. e5 Nfd7 5. Nf3 c5 6. dxc5 Nc6 7. Bf4 Bxc5 8. Bd3 h6 9. 0-0 g5 10. Bg3 g4 11. Ne1 Qg5 12. Bb5 0-0 13. Nd3 Be7 14. f4 gxf3 15. Rxf3 Kh8 16. Bf4 Qh5 17. Rh3 Qxd1+ 18. Rxd1 Re8 19. Bxh6 Nd4 20. Be3+ 1-0

[Event "Vaxjo Nordic zt"]
[Site "Vaxjo"]
[Date "2017.06.27"]
[Round "3"]
[White "Emmoth, Alfons"]
[Black "Thogersen, Rasmus"]
[Result "1-0"]
[WhiteElo "2053"]
[BlackElo "2222"]
[PlyCount "79"]
[EventDate "2017.06.26"]
[EventType "swiss"]
[EventRounds "9"]
[EventCountry "SWE"]
[SourceTitle "CBM 179 Extra"]
[Source "ChessBase"]
[SourceDate "2017.08.23"]
[SourceVersion "1"]
[SourceVersionDate "2017.08.23"]
[SourceQuality "1"]

1. d4 Nf6 2. c4 g6 3. Nc3 d5 4. cxd5 Nxd5 5. e4 Nxc3 6. bxc3 Bg7 7. Bc4 c5 8. Ne2 Nc6 9. Be3 0-0 10. 0-0 Bg4 11. f3 Bd7 12. Qd2 Qa5 13. Rfd1 Rfd8 14. Rab1 cxd4 15. cxd4 Rac8 16. Bd3 Qxd2 17. Rxd2 Na5 18. Rdd1 e6 19. Rdc1 f5 20. e5 Bc6 21. Bd2 Rd5 22. Rb5 Nc4 23. Bxc4 Bxb5 24. Bxd5 Rxc1+ 25. Nxc1 exd5 26. Nb3 b6 27. Kf2 a5 28. f4 Bf8 29. Ke1 Bc4 30. Kd1 a4 31. Nc1 b5 32. Kc2 Kf7 33. Kb2 b4 34. g3 Ke6 35. Be3 Kd7 36. Bd2 Kc6 37. Be3 Kb5 38. Kc2 Bxa2 39. Nxa2 b3+ 40. Kb2 1-0

[Event "Vaxjo Nordic zt"]
[Site "Vaxjo"]
[Date "2017.06.26"]
[Round "1"]
[White "Emmoth, Alfons"]
[Black "Lindgren, Philip"]
[Result "0-1"]
[WhiteElo "2053"]
[BlackElo "2420"]
[PlyCount "108"]
[EventDate "2017.06.26"]
[EventType "swiss"]
[EventRounds "9"]
[EventCountry "SWE"]
[SourceTitle "CBM 179 Extra"]
[Source "ChessBase"]
[SourceDate "2017.08.23"]
[SourceVersion "1"]
[SourceVersionDate "2017.08.23"]
[SourceQuality "1"]

1. d4 Nf6 2. c4 e6 3. Nf3 d5 4. Nc3 Nbd7 5. Bg5 h6 6. Bh4 c6 7. e3 g5 8. Bg3 Nh5 9. Bd3 Nxg3 10. hxg3 Bg7 11. Qc2 Qe7 12. Rc1 dxc4 13. Bxc4 b6 14. 0-0 Bb7 15. Rfd1 h5 16. e4 g4 17. Nh2 0-0 18. Nf1 c5 19. d5 Ne5 20. b3 Bh6 21. Rb1 Kg7 22. Ne2 Qf6 23. dxe6 fxe6 24. Nf4 Bxf4 25. gxf4 Qxf4 26. Ng3 Rh8 27. Bxe6 h4 28. Nf5+ Kf6 29. Rd6 h3 30. Bd5+ Kg5 31. Qc1 Bxd5 32. Rxd5 hxg2 33. Ng3 Rae8 34. Kxg2 Qxc1 35. Rxc1 Re6 36. Rcd1 Kf6 37. Rd8 Rxd8 38. Rxd8 a5 39. Rf8+ Ke7 40. Rf5 Kd6 41. Rg5 b5 42. Nf5+ Kc6 43. Rg8 a4 44. Ne3 c4 45. bxc4 bxc4 46. Rc8+ Kb5 47. Rb8+ Kc5 48. Rb1 Rd6 49. Rb2 Rd3 50. Kf1 Kd4 51. Rc2 Rxe3 52. fxe3+ Kd3 53. Rc1 c3 54. Ke1 c2 0-1

[Event "Uppsala Young Champions op"]
[Site "Uppsala"]
[Date "2016.10.31"]
[Round "6"]
[White "Emmoth, Alfons"]
[Black "Crevatin, Leo"]
[Result "1-0"]
[WhiteElo "1899"]
[BlackElo "2030"]
[PlyCount "63"]
[EventDate "2016.10.28"]
[EventType "swiss"]
[EventRounds "9"]
[EventCountry "SWE"]
[SourceTitle "CBM 175 Extra"]
[Source "ChessBase"]
[SourceDate "2016.12.12"]
[SourceVersion "1"]
[SourceVersionDate "2016.12.12"]
[SourceQuality "1"]

1. d4 d5 2. c4 c6 3. e3 e6 4. Nf3 Nf6 5. Nc3 Nbd7 6. Qc2 Bd6 7. b3 0-0 8. Be2 b6 9. 0-0 Bb7 10. Bb2 Qe7 11. Rad1 Rac8 12. e4 dxe4 13. Nxe4 Nxe4 14. Qxe4 Nf6 15. Qh4 Nd7 16. Qh3 Rfe8 17. Rfe1 Nf8 18. Bd3 Ng6 19. Bc1 Bb4 20. Bxg6 hxg6 21. Ng5 Qf6 22. Qh7+ Kf8 23. Nf3 Qf5 24. Bg5 f6 25. Bh6 gxh6 26. Nh4 Bxe1 27. Rxe1 Re7 28. Nxg6+ Qxg6 29. Qxg6 c5 30. Qxf6+ Rf7 31. Qxh6+ Kg8 32. Re3 1-0

[Event "Uppsala Young Champions op"]
[Site "Uppsala"]
[Date "2016.10.28"]
[Round "1"]
[White "Emmoth, Alfons"]
[Black "Tuomainen, Felix"]
[Result "1/2-1/2"]
[WhiteElo "1899"]
[BlackElo "2198"]
[PlyCount "194"]
[EventDate "2016.10.28"]
[EventType "swiss"]
[EventRounds "9"]
[EventCountry "SWE"]
[SourceTitle "CBM 175 Extra"]
[Source "ChessBase"]
[SourceDate "2016.12.12"]
[SourceVersion "1"]
[SourceVersionDate "2016.12.12"]
[SourceQuality "1"]

1. d4 Nf6 2. c4 e6 3. Nf3 Bb4+ 4. Bd2 Qe7 5. g3 Nc6 6. Bg2 a5 7. 0-0 0-0 8. Bg5 h6 9. Bc1 Qd8 10. c5 a4 11. a3 Ba5 12. Qxa4 b5 13. cxb6 cxb6 14. Ne5 Bb7 15. Nxc6 dxc6 16. b4 b5 17. Qb3 Bb6 18. Bb2 Qd7 19. Rd1 Rfd8 20. Nd2 Rac8 21. Nf3 Qd5 22. Qc2 Qf5 23. Ne1 Qxc2 24. Nxc2 Rc7 25. Kf1 Rcd7 26. Ke1 Ne8 27. e3 Nd6 28. Bf1 Ne4 29. f3 Ng5 30. Be2 f6 31. Rac1 Nf7 32. Na1 e5 33. Nb3 exd4 34. Bxd4 Bxd4 35. Nxd4 Rd6 36. Rc3 Ra8 37. Rdc1 Ne5 38. f4 Nc4 39. Bxc4+ bxc4 40. Nc2 Ba6 41. a4 Rb8 42. Rb1 Re8 43. b5 cxb5 44. axb5 Bb7 45. Rxc4 Be4 46. b6 f5 47. Rbb4 Rb8 48. b7 Bxb7 49. Rc7 Rbd8 50. Nd4 Be4 51. Ra4 R6d7 52. Raa7 Rxc7 53. Rxc7 Rb8 54. Ne6 Rb1+ 55. Kd2 Rb2+ 56. Kc3 Rc2+ 57. Kd4 Rd2+ 58. Kc5 Rc2+ 59. Kd6 Rxc7 60. Nxc7 Kf7 61. Ke5 Bc2 62. Nb5 g6 63. Nd6+ Ke7 64. h3 h5 65. Nc4 Bd3 66. Nd2 Bc2 67. Nf3 Bd3 68. Nh4 Kf7 69. Nf3 Ke7 70. Nd4 Bf1 71. h4 Bg2 72. Ne6 Bf1 73. Ng5 Be2 74. e4 fxe4 75. Nxe4 Bg4 76. Nf6 Be6 77. Ne4 Bg4 78. Nd2 Be6 79. Nf1 Kf7 80. Ne3 Bd7 81. f5 gxf5 82. Nxf5 Kg6 83. Ne7+ Kf7 84. Nd5 Kg6 85. Nf4+ Kh6 86. Kf6 Bg4 87. Ng6 Bf3 88. Ne7 Be2 89. Nf5+ Kh7 90. Kg5 Bg4 91. Ne3 Bf3 92. Nc4 Be2 93. Ne5 Bd1 94. Ng6 Bb3 95. Nf4 Bd1 96. Nxh5 Be2 97. Kf6 Bxh5 1/2-1/2

[Event "SWE-chT U16 final"]
[Site "Lund"]
[Date "2016.08.13"]
[Round "4.9"]
[White "Torngren, Gustav"]
[Black "Emmoth, Alfons"]
[Result "1/2-1/2"]
[WhiteElo "1764"]
[BlackElo "1881"]
[PlyCount "43"]
[EventDate "2016.08.12"]
[EventType "team-tourn"]
[EventRounds "5"]
[EventCountry "SWE"]
[SourceTitle "EXT 2019"]
[Source "ChessBase"]
[SourceDate "2018.10.10"]
[SourceVersion "1"]
[SourceVersionDate "2018.10.10"]
[SourceQuality "1"]
[WhiteTeam "Orgryte"]
[BlackTeam "Vasteras"]
[WhiteTeamCountry "SWE"]
[BlackTeamCountry "SWE"]

1. d4 Nf6 2. c4 g6 3. Nc3 Bg7 4. e4 d6 5. Nf3 0-0 6. Be2 e5 7. 0-0 Nc6 8. d5 Ne7 9. Ne1 Kh8 10. Nd3 Nfg8 11. Bd2 f5 12. f3 Bh6 13. Rc1 Bxd2 14. Qxd2 f4 15. c5 Bd7 16. b3 h5 17. cxd6 cxd6 18. Nf2 Nf6 19. Rc2 a6 20. Rfc1 g5 21. Ncd1 Ne8 22. Nb2 1/2-1/2

[Event "SWE-chT U16 final"]
[Site "Lund"]
[Date "2016.08.12"]
[Round "1.9"]
[White "Emmoth, Alfons"]
[Black "Sandberg, Philip"]
[Result "1-0"]
[WhiteElo "1881"]
[BlackElo "1581"]
[PlyCount "93"]
[EventDate "2016.08.12"]
[EventType "team-tourn"]
[EventRounds "5"]
[EventCountry "SWE"]
[SourceTitle "EXT 2019"]
[Source "ChessBase"]
[SourceDate "2018.10.10"]
[SourceVersion "1"]
[SourceVersionDate "2018.10.10"]
[SourceQuality "1"]
[WhiteTeam "Vasteras"]
[BlackTeam "Stockholm Rockaden"]
[WhiteTeamCountry "SWE"]
[BlackTeamCountry "SWE"]

1. d4 d5 2. c4 dxc4 3. e3 Nf6 4. Nf3 Bg4 5. Bxc4 e6 6. Qb3 Bxf3 7. gxf3 Qc8 8. Nc3 a6 9. Bd2 Be7 10. Rg1 0-0 11. Bd3 Nc6 12. Ne4 b5 13. Nxf6+ Bxf6 14. Be4 Qd7 15. Qc2 Nxd4 16. exd4 Rad8 17. Bb4 Rfe8 18. 0-0-0 g6 19. Bc6 Qc8 20. Bxe8 Rxe8 21. f4 Rd8 22. Bc5 Qb7 23. Qe2 Qd5 24. b3 Qf5 25. Qe3 Qd5 26. f3 Qh5 27. Rd2 Rd5 28. Rgg2 Qh3 29. Qe4 c6 30. Bb6 Be7 31. Rc2 Bd6 32. Kb1 Be7 33. Qe2 Qf5 34. Qe4 Qh3 35. Rge2 Bb4 36. Rxc6 Qf1+ 37. Rc1 Qh3 38. Bc5 Ba5 39. Be7 Kg7 40. Rc5 Qf1+ 41. Kb2 Rxc5 42. dxc5 Bc3+ 43. Kxc3 Qc1+ 44. Kb4 a5+ 45. Kxb5 Qa3 46. Qe5+ Kg8 47. Qb8+ 1-0

[Event "SWE-chT U16 final"]
[Site "Lund"]
[Date "2016.08.12"]
[Round "2.3"]
[White "Rosager, Sixten"]
[Black "Emmoth, Alfons"]
[Result "1-0"]
[WhiteElo "1556"]
[BlackElo "1881"]
[PlyCount "129"]
[EventDate "2016.08.12"]
[EventType "team-tourn"]
[EventRounds "5"]
[EventCountry "SWE"]
[SourceTitle "EXT 2019"]
[Source "ChessBase"]
[SourceDate "2018.10.10"]
[SourceVersion "1"]
[SourceVersionDate "2018.10.10"]
[SourceQuality "1"]
[WhiteTeam "Lund"]
[BlackTeam "Vasteras"]
[WhiteTeamCountry "SWE"]
[BlackTeamCountry "SWE"]

1. e4 e6 2. d4 d5 3. Nc3 Bb4 4. exd5 exd5 5. Bd3 c6 6. Nf3 Ne7 7. h3 Bf5 8. 0-0 0-0 9. Nh4 Bxd3 10. Qxd3 Qd7 11. Bf4 Na6 12. Nf3 f6 13. Nd1 Nf5 14. c3 Bd6 15. Bxd6 Nxd6 16. Re1 Rfe8 17. Ne3 Nc7 18. Rab1 Rad8 19. b3 Ne6 20. c4 Nf4 21. Qc2 dxc4 22. bxc4 Re7 23. Nf1 Rde8 24. Ng3 Rxe1+ 25. Rxe1 Rxe1+ 26. Nxe1 Nf7 27. Qe4 Ne6 28. Nf3 Nd6 29. Qd3 Nf4 30. Qb3 Qe6 31. Qe3 Qxe3 32. fxe3 Ne6 33. Nd2 g6 34. Nge4 Ne8 35. Nb3 b6 36. d5 cxd5 37. cxd5 Nf8 38. Nd4 f5 39. Nc3 Nd7 40. Nc6 a6 41. a4 Nd6 42. Kf2 Nc5 43. h4 h5 44. Ke2 Nde4 45. Nxe4 fxe4 46. a5 bxa5 47. Kd2 Na4 48. d6 Nb6 49. Ne5 Kf8 50. Kc3 Ke8 51. Kd4 a4 52. Kc3 Nd5+ 53. Kd4 a3 54. Kxd5 a2 55. Ke6 a1Q 56. d7+ Kd8 57. Nf7+ Kc7 58. d8Q+ Kc6 59. Ne5+ Kc5 60. Qd5+ Kb6 61. Nd7+ Ka7 62. Qc5+ Ka8 63. Qc6+ Ka7 64. Qb6+ Ka8 65. Qb8# 1-0

[Event "Vaxjo op"]
[Site "Vaxjo"]
[Date "2015.02.13"]
[Round "3"]
[White "Emmoth, Alfons"]
[Black "Lissang, Christopher"]
[Result "0-1"]
[WhiteElo "1714"]
[BlackElo "2280"]
[PlyCount "120"]
[EventDate "2015.02.13"]
[EventType "swiss"]
[EventRounds "8"]
[EventCountry "SWE"]
[SourceTitle "CBM 164 Extra"]
[Source "ChessBase"]
[SourceDate "2015.03.02"]
[SourceVersion "1"]
[SourceVersionDate "2015.03.02"]
[SourceQuality "1"]

1. d4 Nf6 2. c4 e6 3. Nf3 Bb4+ 4. Bd2 c5 5. Bxb4 cxb4 6. g3 Nc6 7. Bg2 0-0 8. 0-0 d6 9. Nbd2 e5 10. d5 Nb8 11. Qc2 a5 12. h3 Na6 13. Ne1 Nc5 14. e4 Qe7 15. a3 bxa3 16. Rxa3 a4 17. Nd3 Nfd7 18. Nxc5 Nxc5 19. Rfa1 Bd7 20. Qc3 Rfc8 21. Qe3 Qd8 22. f4 Qb6 23. fxe5 dxe5 24. b3 Ra6 25. bxa4 Bxa4 26. Kh2 Qd6 27. Rb1 Rca8 28. h4 Bd7 29. Rxa6 bxa6 30. Qa3 f5 31. exf5 Bxf5 32. Ra1 Rb8 33. Bh3 Bxh3 34. Kxh3 Rf8 35. Rf1 Re8 36. Qf3 Qd7+ 37. Qf5 Qxf5+ 38. Rxf5 e4 39. d6 Nd7 40. c5 e3 41. Nf3 Rc8 42. Nd4 Rxc5 43. Rxc5 Nxc5 44. Kg2 a5 45. Kf3 Kf7 46. Kxe3 a4 47. Kd2 Kf6 48. Kc3 Ne4+ 49. Kb4 Nxd6 50. Kxa4 Nf5 51. Ne2 Ke5 52. Kb3 Nd4+ 53. Nxd4 Kxd4 54. Kc2 Ke3 55. Kd1 Kf3 56. h5 Kxg3 57. h6 g5 58. Ke1 Kh4 59. Kf2 Kh5 60. Kg3 Kxh6 0-1